LE SSERAFIM Songs - Sudden Death - Statistics

General Stats
  • This quiz has been taken 138 times
  • The average score is 13 of 15
Answers on the Grid
Answers color-coded by a green-red scale on the quiz's grid according to % correct below.
ANTIFRAGILE
Blue Flame
CELEBRATION
Come Over
CRAZY
DIFFERENT
EASY
ELECTRIC
Eve, Psyche & The Bluebeard's wife
FEARLESS
FORCE
FRIEND
GHOST
HOT
HUSH
Impurities
Love Struck
Million
OPPOSITE
ORDINARY
Perfect Night
PINK
Playing House
REVERSE
Rise Above
Smart
Someday
SPAGHETTI
UNFORGIVEN
You know where to find me
 
Answer Stats
Answer % Correct
ANTIFRAGILE
96%
FEARLESS
93%
CRAZY
92%
EASY
89%
SPAGHETTI
89%
Blue Flame
87%
CELEBRATION
87%
UNFORGIVEN
87%
Eve, Psyche & The Bluebeard's wife
86%
HOT
86%
Perfect Night
84%
Smart
84%
Come Over
83%
DIFFERENT
78%
Impurities
78%
No matching quizzes found
Score Distribution
Percent of People with Each Score
Percentile by Number Answered
Your Score History
You have not taken this quiz